ARRUPE JESUIT UNIVERSITY

CORONAVIRUS -STOP THE SPREAD - CLEAN,DISINFECT,COVER

The Pastoral Epistles / (Record no. 122014)

MARC details
000 -LEADER
fixed length control field 00993cam a2200325 a 4500
001 - CONTROL NUMBER
control field 7450229
003 - CONTROL NUMBER IDENTIFIER
control field ARRUPE
005 - DATE AND TIME OF LATEST TRANSACTION
control field 20150210125800.0
008 - FIXED-LENGTH DATA ELEMENTS--GENERAL INFORMATION
fixed length control field 090807s2009 mau b 001 0 eng c
020 ## - INTERNATIONAL STANDARD BOOK NUMBER
International Standard Book Number 9781598564556
020 ## - INTERNATIONAL STANDARD BOOK NUMBER
International Standard Book Number 1598564552
024 ## - OTHER STANDARD IDENTIFIER
Standard number or code 99935107178
035 ## - SYSTEM CONTROL NUMBER
System control number (OCoLC)ocn463967513
035 ## - SYSTEM CONTROL NUMBER
System control number (NNC)7450229
035 ## - SYSTEM CONTROL NUMBER
System control number (OCoLC)463967513
040 ## - CATALOGING SOURCE
Original cataloging agency COO
Transcribing agency COO
042 ## - AUTHENTICATION CODE
Authentication code pcc
050 #4 - LIBRARY OF CONGRESS CALL NUMBER
Classification number BS2735.53
Item number .K4
300 ## - PHYSICAL DESCRIPTION
Dimensions 22 cm.
100 1# - MAIN ENTRY--PERSONAL NAME
Personal name Kelly, J. N. D.
Fuller form of name (John Norman Davidson)
9 (RLIN) 15018
245 14 - TITLE STATEMENT
Title The Pastoral Epistles /
Statement of responsibility, etc J.N.D. Kelly.
260 ## - PUBLICATION, DISTRIBUTION, ETC. (IMPRINT)
Place of publication, distribution, etc Peabody, MA :
Name of publisher, distributor, etc Hendrickson Publishers,
Date of publication, distribution, etc [2009]
300 ## - PHYSICAL DESCRIPTION
Extent 272 p. ;
490 1# - SERIES STATEMENT
Series statement Black's New Testament commentaries
504 ## - BIBLIOGRAPHY, ETC. NOTE
Bibliography, etc Includes bibliographical references (p. 37-38) and indexes.
630 00 - SUBJECT ADDED ENTRY--UNIFORM TITLE
Uniform title Bible.
Name of part/section of a work Pastoral Epistles
Form subdivision Commentaries.
9 (RLIN) 15019
830 #0 - SERIES ADDED ENTRY--UNIFORM TITLE
Uniform title Black's New Testament commentaries.
9 (RLIN) 15020
942 ## - ADDED ENTRY ELEMENTS (KOHA)
Source of classification or shelving scheme Library of Congress Classification
Koha item type Monograph ( Printed materials)
948 1# - LOCAL PROCESSING INFORMATION (OCLC); SERIES PART DESIGNATOR (RLIN)
Series part designator, SPT (RLIN) 20091228
b (OCLC) c
c (OCLC) rad1
d (OCLC) MPS
Holdings
Withdrawn status Lost status Source of classification or shelving scheme Damaged status Not for loan Collection code Home library Current library Shelving location Date acquired Total Checkouts Full call number Barcode Date last seen Price effective from Koha item type
    Library of Congress Classification     Main Collection ARRUPE LIBRARY ARRUPE LIBRARY Main Collection 10/02/2015   BS2735.53 .K4 46500001056 01/08/2016 10/02/2015 Monograph ( Printed materials)

 

Arrupe Library. PO Box MP320 Mt Pleasant, Harare, Zimbabwe
263 242 745411|librarian@aju.ac.zw